Số chuyên đề về Bộ luật dân sự của Nước Cộng hòa XHCN Việt Nam

保存先:
書誌詳細
第一著者: Bộ Tư pháp
フォーマット: 図書
言語:Undetermined
出版事項: Hà Nội Bộ Tư pháp 1995
主題:
タグ: タグ追加
タグなし, このレコードへの初めてのタグを付けませんか!
Thư viện lưu trữ: Trung tâm Học liệu Trường Đại học Cần Thơ
LEADER 00606nam a2200181Ia 4500
001 CTU_5967
008 210402s9999 xx 000 0 und d
082 |a 346.597 
082 |b B450s 
100 |a Bộ Tư pháp 
245 0 |a Số chuyên đề về Bộ luật dân sự của Nước Cộng hòa XHCN Việt Nam 
245 0 |c Bộ Tư pháp 
260 |a Hà Nội 
260 |b Bộ Tư pháp 
260 |c 1995 
650 |a civil law ( vietnamese law ) 
904 |i Nguyễn Quang Điền, 960807 
980 |a Trung tâm Học liệu Trường Đại học Cần Thơ